000 00999nam a22003017a 4500
001 BR8000417
003 BR-BrBNA
005 20230928090524.0
007 ta
008 230509b bl.||||| |||| 00| 0 por d
040 _aBR-BrBNA
_bpor
_cBiblioteca Nacional de Agricultura
041 _a(Por)
072 _aF30
_b1930
_b/G514
090 _ 1930 BR8000417
100 1 _aZago, C.P.
110 1 _aUniversidade Federal de Vicosa, MG (Brasil)
_0Tese (Magister Scientiae)
245 1 _aEstimativas de herdabilidades e correlacoes entre caracteres em capim-buffel (Cenchrus ciliares L.)
246 1 _a[Estimation of heritability and correlations between characters of (Cenchrus ciliares)]
260 3 _aVicosa, MG (Brasil):
_c1979.
300 _a67 p.
500 _a26 tables; 38 ref.; Summary (Por)
650 _aMelhoramento genetico vegetal
650 _aCapim buffel
650 _aHereditariedade
650 _aGenetica vegetal
909 _a202309
_bLucia
_c55
_dLucia Elande
942 _cBK
999 _c29184
_d29184